|
|
|
|
| LEADER |
01396nam a2200373Ia 4500 |
| 001 |
EBC431373 |
| 003 |
MiAaPQ |
| 005 |
20200520144314.0 |
| 006 |
m o d | |
| 007 |
cr cn||||||||| |
| 008 |
990708s1999 enka sb 001 0 eng d |
| 010 |
|
|
|z 98043685
|
| 020 |
|
|
|z 9780198293965
|
| 020 |
|
|
|z 0198293968
|
| 035 |
|
|
|a (MiAaPQ)EBC431373
|
| 035 |
|
|
|a (Au-PeEL)EBL431373
|
| 035 |
|
|
|a (CaPaEBR)ebr10278091
|
| 035 |
|
|
|a (CaONFJC)MIL81480
|
| 035 |
|
|
|a (OCoLC)609832473
|
| 040 |
|
|
|a MiAaPQ
|c MiAaPQ
|d MiAaPQ
|
| 050 |
|
4 |
|a HB501
|b .W495 1999
|
| 082 |
0 |
4 |
|a 330.12/2
|2 21
|
| 100 |
1 |
|
|a Whitley, Richard.
|
| 245 |
1 |
0 |
|a Divergent capitalisms
|h [electronic resource] :
|b the social structuring and change of business systems /
|c Richard Whitley.
|
| 260 |
|
|
|a Oxford ;
|a New York :
|b Oxford University Press,
|c 1999.
|
| 300 |
|
|
|a vi, 301 p. :
|b ill.
|
| 504 |
|
|
|a Includes bibliographical references (p. [275]-294) and index.
|
| 533 |
|
|
|a Electronic reproduction. Ann Arbor, MI : ProQuest, 2015. Available via World Wide Web. Access may be limited to ProQuest affiliated libraries.
|
| 650 |
|
0 |
|a Capitalism
|v Case studies.
|
| 650 |
|
0 |
|a Business enterprises
|v Case studies.
|
| 650 |
|
0 |
|a Economic history
|y 20th century.
|
| 655 |
|
4 |
|a Electronic books.
|
| 710 |
2 |
|
|a ProQuest (Firm)
|
| 856 |
4 |
0 |
|u https://ebookcentral.proquest.com/lib/matrademy/detail.action?docID=431373
|z Click to View
|